[Event "AUTO-INT-3946"]
[Site "http://www.queenalice.com/game.php?id=1863872"]
[Date "2025.10.6"]
[Round "1"]
[White "Anusha"]
[Black "JoseMessias"]
[Result "1-0"]
[WhiteElo "1744"]
[BlackElo "1634"]

1. c4 c5 2. Nc3 Nc6 3. g3 Nb4 4. Bg2 e6 5. a3 Nc6 6. d3 Nd4 7. Rb1 Qb6 8. Nf3
Nxf3+ 9. Bxf3 Bd6 10. O-O Nf6 11. Bg5 h6 12. Be3 e5 13. b4 O-O 14. bxc5 Qa5 15.
Nd5 Bxc5 16. Nxf6+ gxf6 17. Rb5 Qxa3 18. Bxc5 Qc3 19. Bxf8 Kxf8 20. Bxb7 Rb8 21.
Qb1 Bxb7 22. Rxb7 Rxb7 23. Qxb7 Ke7 24. Qxa7 Qb4 25. Qe3 h5 26. Qh6 e4 27. Qxh5
exd3 28. exd3 Qd2 29. Qf3 Qg5 30. Re1+ Kf8 31. Qa8+ Kg7 32. Re8 Qc1+ 33. Kg2 Kg6
34. Rg8+ Kf5 35. Qe4# 1-0

[Event "Challenge"]
[Site "http://www.queenalice.com/game.php?id=1864041"]
[Date "2025.10.10"]
[Round "-"]
[White "Capixaba789"]
[Black "JoseMessias"]
[Result "1-0"]
[WhiteElo "1812"]
[BlackElo "1699"]

1. e4 e5 2. f4 d5 3. Qf3 Nf6 4. exd5 e4 5. Qb3 Nxd5 6. Bc4 c6 7. Ne2 Bf5 8. O-O
Bc5+ 9. Kh1 b5 10. Bxb5 cxb5 11. Qxb5+ Nd7 12. Qa4 Nb6 13. Qb3 O-O 14. Na3 g5
15. d4 Bxa3 16. Qxa3 gxf4 17. Bxf4 Nc4 18. Qg3+ Bg6 19. Bh6 Re8 20. b3 Nd2 21.
Bxd2 Rc8 22. c4 Nf6 23. Bc3 Nh5 24. Qg4 a5 25. Nf4 e3 26. Nxh5 Rc6 27. d5 Rd6
28. Nf6+ Kf8 29. Nxh7+ Ke7 30. Nf6 Rxf6 31. Bxf6+ Kd6 32. Bxd8 Rxd8 33. Qf4+ Kd7
34. Qxe3 Re8 35. Qxe8+ Kxe8 36. Rf6 Ke7 37. Rxg6 fxg6 38. c5 Kd7 39. a3 g5 40.
b4 axb4 41. axb4 1-0

[Event "Challenge"]
[Site "http://www.queenalice.com/game.php?id=1864042"]
[Date "2025.10.10"]
[Round "-"]
[White "JoseMessias"]
[Black "Capixaba789"]
[Result "0-1"]
[WhiteElo "1663"]
[BlackElo "1810"]

1. g3 e5 2. Bg2 d5 3. d4 e4 4. f3 f5 5. Nh3 Nf6 6. fxe4 dxe4 7. Nf4 Bd6 8. c4
Bxf4 9. Bxf4 O-O 10. d5 Nbd7 11. Bg5 Qe8 12. d6 Qe5 13. Nc3 cxd6 14. Qb3 Nc5 15.
Qb4 Ng4 16. Nd5 Nxh2 17. Bf4 Qd4 18. Be3 Qe5 19. Bxc5 dxc5 20. Qb3 Nf3+ 21. Bxf3
exf3 22. Qxf3 Bd7 23. O-O Bc6 24. b3 Rad8 25. Rad1 a6 26. Qh5 Bxd5 27. cxd5 Rxd5
28. Rxd5 Qxd5 29. e3 Qe4 30. Qf3 Qxf3 31. Rxf3 g6 32. Kh2 Kg7 33. Kh3 h5 34. Rf4
Rd8 35. Kh4 Rd2 36. e4 Rxa2 37. exf5 Rb2 38. Kg5 Rxb3 39. g4 hxg4 40. fxg6 Rb4
41. Rf7+ Kg8 42. Kh6 g3 43. Re7 Rh4+ 44. Kg5 g2 45. Kf6 Rf4+ 46. Ke5 g1=Q 47.
Kxf4 Qxg6 48. Rxb7 c4 49. Rb8+ Kf7 50. Rb7+ Ke8 51. Rb8+ Kd7 52. Rb7+ Kc8 53.
Ra7 Qd6+ 54. Ke4 c3 55. Rg7 c2 56. Rg1 a5 57. Rc1 Qd2 58. Rxc2+ Qxc2+ 59. Kd4 a4
0-1

[Event "AUTO-INT-3947"]
[Site "http://www.queenalice.com/game.php?id=1864146"]
[Date "2025.10.13"]
[Round "1"]
[White "JoseMessias"]
[Black "renet54"]
[Result "0-1"]
[WhiteElo "1621"]
[BlackElo "1593"]

1. e4 e5 2. Bc4 Nc6 3. Qf3 Nf6 4. d3 Nd4 5. Qe3 Nxc2+ 6. Kd1 Nxe3+ 7. Bxe3 Be7
8. Nf3 O-O 9. Nxe5 d5 10. exd5 Bb4 11. a3 Bd6 12. Nd2 Bxe5 13. Rb1 Bf5 14. Nf3
Bxd3 15. Bxd3 Qxd5 16. Ke2 Rad8 17. Rhd1 Rfe8 18. Bxh7+ Nxh7 19. Rxd5 Rxd5 20.
b4 Nf6 21. h4 Bc3 22. Rc1 Bb2 23. Rxc7 Ng4 24. Rxb7 Nxe3 25. fxe3 Bc1 26. Kf2
Bxe3+ 27. Kg3 Re6 28. Rxa7 Rg6+ 29. Kh3 Bxa7 30. a4 Bf2 31. g4 Rd3 32. Kg2 Bxh4
33. Kf1 Rxf3+ 34. Ke2 Rf2+ 35. Ke3 Rxg4 36. b5 f5 37. b6 Rxa4 38. b7 Rb4 0-1

[Event "AUTO-INT-3947"]
[Site "http://www.queenalice.com/game.php?id=1864147"]
[Date "2025.10.13"]
[Round "1"]
[White "renet54"]
[Black "JoseMessias"]
[Result "1-0"]
[WhiteElo "1574"]
[BlackElo "1640"]

1. d4 d5 2. Nf3 Bg4 3. Bf4 e6 4. e3 g5 5. Be2 gxf4 6. O-O fxe3 7. fxe3 c5 8. Ne5
Bxe2 9. Qxe2 Bd6 10. Qh5 Qe7 11. Nc3 cxd4 12. Rxf7 Bxe5 13. Rxe7+ Kxe7 14. Qxe5
Nf6 15. exd4 Nbd7 16. Qe2 Rag8 17. Re1 Nf8 18. Qb5 N8d7 19. Nxd5+ Nxd5 20. Qxd5
Rg6 21. Qxb7 Rb8 22. Qxa7 Rxb2 23. d5 Rxc2 24. Qa3+ Nc5 25. Qa7+ Kf6 26. dxe6
Rcxg2+ 27. Kf1 Nxe6 28. Qb6 Rxa2 29. Qxe6+ Kg7 30. Qxa2 Rf6+ 31. Kg2 Rg6+ 32.
Kf3 h5 33. Re7+ Kf6 34. Qe6+ Kg5 35. Qe5+ Kh6 36. h4 Rg4 37. Qh8+ Kg6 38. Qg7+
Kf5 39. Re5# 1-0

[Event "AUTO-INT-3947"]
[Site "http://www.queenalice.com/game.php?id=1864148"]
[Date "2025.10.13"]
[Round "1"]
[White "JoseMessias"]
[Black "game"]
[Result "0-1"]
[WhiteElo "1670"]
[BlackElo "1659"]

1. g3 Nf6 2. Bg2 d5 3. d4 Ng4 4. h3 Nf6 5. Bg5 Nc6 6. Bxf6 exf6 7. e4 dxe4 8.
Bxe4 Nxd4 9. c3 Qe7 10. Qxd4 f5 11. Nd2 fxe4 12. Qxe4 Qxe4+ 13. Nxe4 b5 14.
O-O-O Bb7 15. Re1 O-O-O 16. f3 Bd5 17. b3 g6 18. Ne2 Ba3+ 19. Kc2 f5 20. Rhf1
fxe4 21. fxe4 Bxe4# 0-1

[Event "AUTO-INT-3947"]
[Site "http://www.queenalice.com/game.php?id=1864149"]
[Date "2025.10.13"]
[Round "1"]
[White "game"]
[Black "JoseMessias"]
[Result "1-0"]
[WhiteElo "1699"]
[BlackElo "1654"]

1. e4 b6 2. d4 Bb7 3. Nc3 d5 4. exd5 Bxd5 5. Nb5 a6 6. Nc3 e6 7. Bd3 b5 8. Nf3
b4 9. Nxd5 exd5 10. O-O f6 11. Re1+ Be7 12. Bd2 Nh6 13. Bxb4 Nc6 14. c3 O-O 15.
Nh4 Bxb4 16. cxb4 Nxb4 17. Bb1 g5 18. Nf5 Nxf5 19. Bxf5 Nc6 20. Qh5 Rf7 21. Be6
Qe7 22. Re3 Nxd4 23. Bxd5 Qf8 24. Rc1 Rd8 25. Bxf7+ Qxf7 26. Qxf7+ Kxf7 27. Rd1
c5 28. Rde1 Rd7 29. g4 Nf3+ 30. Rxf3 Rd2 31. Rh3 Kg6 32. Re7 h6 33. Rb3 c4 34.
Rb8 f5 35. Rb6+ Rd6 36. Rxd6# 1-0

[Event "AUTO-INT-3947"]
[Site "http://www.queenalice.com/game.php?id=1864150"]
[Date "2025.10.13"]
[Round "1"]
[White "JoseMessias"]
[Black "Anusha"]
[Result "0-1"]
[WhiteElo "1606"]
[BlackElo "1819"]

1. g3 Nf6 2. Bg2 d5 3. d4 c6 4. Bg5 Nbd7 5. Nf3 h6 6. Bxf6 Nxf6 7. Ne5 Bf5 8. e4
Nxe4 9. Bxe4 Bxe4 10. f3 Bf5 11. g4 Bd7 12. Qd2 e6 13. Qf4 Qe7 14. Nc3 g6 15.
O-O-O Bg7 16. h4 Bxe5 17. Qxe5 O-O-O 18. Na4 f6 19. Qe3 b6 20. h5 g5 21. Qe2
Rhe8 22. Qa6+ Kb8 23. Rd3 Bc8 24. Nxb6 Bxa6 25. Ra3 axb6 26. Rxa6 Kb7 27. Ra3
Ra8 28. Rxa8 Rxa8 29. a3 Qd6 30. Kb1 Qf4 31. Re1 Re8 32. Rf1 Qxd4 33. Rc1 Qf2
34. Rd1 Qxf3 35. Rd4 e5 36. Rb4 e4 37. a4 Ra8 38. b3 Qxg4 39. c4 e3 40. Kb2 Qd1
41. c5 Qd2+ 42. Ka3 Qxb4+ 43. Kxb4 e2 44. cxb6 Kxb6 45. Kc3 e1=Q+ 46. Kd4 Re8
47. b4 Qd2# 0-1

[Event "AUTO-INT-3947"]
[Site "http://www.queenalice.com/game.php?id=1864151"]
[Date "2025.10.13"]
[Round "1"]
[White "Anusha"]
[Black "JoseMessias"]
[Result "1-0"]
[WhiteElo "1731"]
[BlackElo "1647"]

1. c4 b6 2. Nf3 Bb7 3. e3 Be4 4. Be2 Nc6 5. a3 Bxb1 6. Rxb1 d5 7. Qa4 Qd7 8.
cxd5 Qxd5 9. Bb5 Kd7 10. O-O e6 11. Nd4 Ne7 12. Be2 a5 13. Bf3 Qd6 14. Nxc6 Nxc6
15. d4 Rb8 16. Bd2 b5 17. Bxc6+ Qxc6 18. Qxa5 Ra8 19. Qc3 Ra4 20. Qd3 Qd5 21.
Rbc1 c6 22. Rc2 g6 23. Rfc1 Rc4 24. Rxc4 bxc4 25. Rxc4 c5 26. Qc2 Be7 27. dxc5
Kc6 28. b4 Ra8 29. Bc1 h5 30. Rd4 Qe5 31. Qe2 Rxa3 32. Bxa3 f5 33. Qa6+ Kc7 34.
Qa7+ Kc8 35. Qxe7 Qc7 36. Qxe6+ Kb7 37. Rd7 Qxd7 38. Qxd7+ 1-0

[Event "AUTO-INT-3948"]
[Site "http://www.queenalice.com/game.php?id=1864459"]
[Date "2025.10.19"]
[Round "1"]
[White "mvson33"]
[Black "JoseMessias"]
[Result "0-1"]
[WhiteElo "1815"]
[BlackElo "1623"]

1. e4 e5 2. Nf3 Nc6 3. Bb5 Nd4 4. Nxd4 exd4 5. d3 c6 6. Bc4 b5 7. Bb3 a5 8. a3
a4 9. Ba2 d5 10. O-O Nf6 11. Bg5 h6 12. Bh4 g5 13. Bg3 h5 14. h3 h4 15. Bh2 g4
16. hxg4 Bxg4 17. f3 Be6 18. exd5 Bxd5 19. Bxd5 Nxd5 20. Nd2 Ne3 21. Qe2 Qg5 22.
Ne4 Qg6 23. Rae1 h3 24. Rf2 Rg8 25. Ng3 hxg2 26. c3 c5 27. cxd4 cxd4 28. Qd2 Ra6
29. Rfe2 Bh6 30. Qb4 Qxd3 31. Qd2 Qxd2 32. Rxd2 Rd6 33. Nf5 Rf6 34. Nxh6 Rxh6
35. Rxd4 Re6 36. Re4 Rxe4 37. fxe4 Nf1 38. Bd6 Nd2 39. Re2 Nf3+ 0-1

[Event "AUTO-INT-3948"]
[Site "http://www.queenalice.com/game.php?id=1864460"]
[Date "2025.10.19"]
[Round "1"]
[White "JoseMessias"]
[Black "mvson33"]
[Result "0-1"]
[WhiteElo "1631"]
[BlackElo "1824"]

1. g3 Nf6 2. Bg2 d5 3. d4 e6 4. Nf3 c5 5. Ne5 cxd4 6. Qxd4 Nc6 7. Nxc6 bxc6 8.
Bg5 Be7 9. Bxf6 Bxf6 10. Qb4 Be7 11. Qg4 O-O 12. e4 Bb7 13. e5 Rb8 14. c4 Bb4+
15. Nc3 d4 16. a3 dxc3 17. O-O cxb2 18. Ra2 Bc3 19. Rd1 Qb6 20. Rb1 Ba6 21. a4
Qb3 22. Qh5 Qxa2 23. Be4 g6 24. Qf3 Bxe5 25. Qe2 Bxc4 26. Qc2 Bd5 27. Bd3 Bb3
28. Qxc6 Rfc8 29. Qe4 Rc1+ 30. Kg2 Bd5 31. Qxd5 exd5 32. f4 Bd4 33. Kh3 Rxb1 34.
Bxb1 Qxb1 0-1

[Event "AUTO-INT-3948"]
[Site "http://www.queenalice.com/game.php?id=1864472"]
[Date "2025.10.19"]
[Round "1"]
[White "JoseMessias"]
[Black "jpribeiro"]
[Result "0-1"]
[WhiteElo "1666"]
[BlackElo "1331"]

1. g3 Nf6 2. Bg2 e6 3. e4 e5 4. d4 exd4 5. Qxd4 Nc6 6. Qe3 b6 7. e5 Ng4 8. Qf4
Ngxe5 9. Bxc6 Nxc6 10. Ne2 g5 11. Qf3 Bg7 12. Qe4+ Qe7 13. Qxe7+ Nxe7 14. Bxg5
Bxb2 15. Nd2 Bxa1 16. c3 Bb7 17. O-O Ba6 18. Rxa1 h6 19. Bf6 Rg8 20. Re1 Kf8 21.
Nf4 Re8 22. Nh5 Nd5 23. Rxe8+ Kxe8 24. Be5 Rg5 25. c4 Rxe5 26. g4 Re1+ 27. Kg2
Nc3 28. a3 Re2 29. Nf3 Ne4 30. Ng7+ Kf8 31. Nf5 Rxf2+ 32. Kg1 Rxf3 33. Kg2 Rxa3
34. Nxh6 Bxc4 35. Nf5 Ra2+ 36. Kf3 Bd5 37. Kf4 Rxh2 38. Ne3 Bb7 39. Nf5 f6 40.
Ng3 Nxg3 41. Kxg3 Rg2+ 0-1

[Event "AUTO-INT-3948"]
[Site "http://www.queenalice.com/game.php?id=1864478"]
[Date "2025.10.19"]
[Round "1"]
[White "JoseMessias"]
[Black "ajr"]
[Result "1-0"]
[WhiteElo "1609"]
[BlackElo "1723"]

1. g3 d5 2. Bg2 Nf6 3. d4 h6 4. h4 Nc6 5. Nc3 e6 6. e4 dxe4 7. Nxe4 Nxe4 8. Bxe4
Nxd4 9. c3 Nc6 10. Bxc6+ bxc6 11. Qxd8+ Kxd8 12. g4 Bc5 13. Bf4 Re8 14. g5 e5
15. Be3 Bxe3 16. fxe3 e4 17. O-O-O+ Bd7 18. Ne2 h5 19. Rhf1 Re7 20. Nd4 Kc8 21.
Nb3 c5 22. Nxc5 Bb5 23. Rf4 Re5 24. b4 Bc4 25. Rd4 Bxa2 26. c4 Rb8 27. Rxf7 Rxb4
28. Rf8+ 1-0

[Event "Challenge"]
[Site "http://www.queenalice.com/game.php?id=1865710"]
[Date "2025.11.18"]
[Round "-"]
[White "Capixabba789"]
[Black "JoseMessias"]
[Result "1-0"]
[WhiteElo "1965"]
[BlackElo "1630"]

1. b3 b6 2. d4 Bb7 3. Bb2 d5 4. f4 f5 5. Nf3 e6 6. e3 Be7 7. Bd3 Bh4+ 8. g3 Bf6
9. Nc3 a6 10. O-O b5 11. Ne5 Bxe5 12. fxe5 b4 13. Na4 Bc6 14. Nc5 a5 15. Nxe6
Qe7 16. Bxf5 g6 17. Bh3 Bd7 18. Rf8+ Qxf8 19. Nxf8 Bxh3 20. Qd3 Kxf8 21. Qb5 Ne7
22. Qb7 Ra6 23. Qxb8+ Bc8 24. Qxc7 Re6 25. Qxa5 Kg7 26. Qxb4 Nf5 27. Bc1 Rf8 28.
Bd2 h5 29. a4 Rc6 30. a5 Rxc2 31. a6 Rc7 32. Qb6 Rff7 33. a7 Rb7 34. a8=Q Rxb6
35. Qxc8 Rxb3 36. Qa8 Rb2 37. Rd1 Nh6 38. Qxd5 Ng4 39. e6 Re7 40. Qe4 Nf6 41.
Qe5 Rb6 42. d5 Rb5 43. Bc3 Kh6 44. Qxf6 Rh7 45. d6 Rg5 46. Qxg5+ Kxg5 47. d7 Rh8
48. e7 1-0

[Event "Challenge"]
[Site "http://www.queenalice.com/game.php?id=1865711"]
[Date "2025.11.18"]
[Round "-"]
[White "JoseMessias"]
[Black "Capixabba789"]
[Result "0-1"]
[WhiteElo "1608"]
[BlackElo "1970"]

1. e4 e5 2. Bc4 Nc6 3. Qf3 Qe7 4. d3 Nd4 5. Qh5 d5 6. Bb3 Nxb3 7. cxb3 d4 8. Nf3
Be6 9. Qxe5 O-O-O 10. Nxd4 Qb4+ 11. Bd2 Qxd4 12. Qxd4 Rxd4 13. Be3 Rxd3 14. O-O
a6 15. Nd2 Nf6 16. e5 Ng4 17. Bf4 Bc5 18. Ne4 Ba7 19. Rac1 Rd4 20. Nd6+ Kd7 21.
Nxb7 Nxf2 22. Be3 Nh3+ 23. gxh3 Rg4+ 24. hxg4 Bxe3+ 25. Kh1 Bd5+ 26. Rf3 Bxf3#
0-1

[Event "AUTO-ADV-4904"]
[Site "http://www.queenalice.com/game.php?id=1865714"]
[Date "2025.11.18"]
[Round "1"]
[White "JoseMessias"]
[Black "SGF"]
[Result "0-1"]
[WhiteElo "1596"]
[BlackElo "1792"]

1. g3 e5 2. e4 Qf6 3. Bc4 d6 4. Nf3 Bg4 5. Bb5+ c6 6. Be2 h5 7. d3 Bxf3 8. Bxf3
g5 9. Bxh5 Nd7 10. Qg4 Be7 11. h4 gxh4 12. gxh4 O-O-O 13. Bg5 Qe6 14. Qxe6 fxe6
15. Bxe7 Nxe7 16. Bf7 Nf8 17. Nc3 b5 18. h5 Rh7 19. O-O-O Rxf7 20. h6 Nfg6 21.
h7 Rxf2 22. a4 b4 23. Na2 a5 24. b3 d5 25. Rh5 d4 26. Rdh1 Rh8 27. Kd1 Nf4 28.
Rxe5 Neg6 29. Rxa5 Kd7 30. Nxb4 Rf3 31. Ra6 Nh3 32. Ke1 Re3+ 33. Kd2 Ne5 34. c3
Nf3+ 35. Kc1 Nfg5 36. cxd4 Nxh7 37. Nxc6 Nf2 38. Ne5+ Kc7 39. Rc6+ Kb7 40. Rh6
Nxd3+ 41. Kd2 Nxe5 42. Rcxe6 Rxe4 43. Re7+ Kc8 44. a5 Nf3+ 45. Kd3 Rxe7 46. a6
Rd7 47. Rc6+ Kb8 48. d5 Ne5+ 49. Kc3 Nxc6 50. dxc6 Rc7 51. Kb4 Rxc6 52. Kb5 Rg6
53. b4 Ng5 54. Kc5 Rxa6 55. b5 Rf6 56. b6 Rhh6 0-1

[Event "AUTO-ADV-4904"]
[Site "http://www.queenalice.com/game.php?id=1865715"]
[Date "2025.11.18"]
[Round "1"]
[White "SGF"]
[Black "JoseMessias"]
[Result "1-0"]
[WhiteElo "1806"]
[BlackElo "1620"]

1. e4 e5 2. Qf3 Nf6 3. d3 c6 4. Be2 d5 5. exd5 Bg4 6. Qg3 Bxe2 7. Qxe5+ Qe7 8.
Qxe7+ Bxe7 9. dxc6 Nxc6 10. Nxe2 O-O 11. c3 Ne5 12. d4 Nc4 13. b3 Na5 14. O-O
Ne4 15. f3 Nf6 16. Nd2 Rae8 17. Nc4 Nxc4 18. bxc4 Rc8 19. c5 Nd5 20. g4 h6 21.
Nf4 Nxc3 22. Bb2 Nb5 23. Nd5 Bf6 24. Nxf6+ gxf6 25. a4 Nc7 26. h4 Nd5 27. a5 Nf4
28. Ba3 Ne2+ 29. Kf2 Nxd4 30. c6 Rfe8 31. cxb7 Rb8 32. a6 Re6 33. Bc5 Nb3 34.
Bxa7 Rxa6 35. Rxa6 Rxb7 36. Rb6 Rxa7 37. Rxb3 Ra2+ 38. Kg3 Kg7 39. h5 Ra5 40.
Re1 Rg5 41. f4 Rd5 42. Re7 Rd1 43. Rbb7 Rg1+ 44. Kh4 Rh1+ 45. Kg3 Rg1+ 46. Kh2
Rxg4 47. Rxf7+ Kg8 48. Rfc7 Kh8 49. Kh3 Rxf4 50. Rc8# 1-0

[Event "AUTO-ADV-4904"]
[Site "http://www.queenalice.com/game.php?id=1865716"]
[Date "2025.11.18"]
[Round "1"]
[White "JoseMessias"]
[Black "game"]
[Result "1-0"]
[WhiteElo "1656"]
[BlackElo "1516"]

1. e4 c5 2. Bc4 Nf6 3. d3 d6 4. Bg5 Nc6 5. Bxf6 exf6 6. Bb5 Be7 7. c4 a6 8.
Bxc6+ bxc6 9. Qa4 Bd7 10. Nc3 f5 11. exf5 O-O 12. Nf3 Bf6 13. Ne4 Re8 14. g4
Bxb2 15. Rb1 Rb8 16. O-O d5 17. Nd6 Re2 18. Qd1 Qe7 19. cxd5 a5 20. Ne4 Rxe4 21.
dxe4 Qxe4 22. h3 cxd5 23. Ng5 Qe8 24. Qd2 Bd4 25. Qd3 f6 26. Nf3 g5 27. fxg6 h6
28. Nh4 Bb5 29. Rxb5 Rxb5 30. Nf5 Rb7 31. Nd6 Qb8 32. Nxb7 Qxb7 33. Rb1 Qc6 34.
Rb8+ Kg7 35. h4 Qd7 36. Qf5 Qa4 37. Rb7+ Kg8 38. Qc8+ 1-0

[Event "AUTO-ADV-4904"]
[Site "http://www.queenalice.com/game.php?id=1865717"]
[Date "2025.11.18"]
[Round "1"]
[White "game"]
[Black "JoseMessias"]
[Result "0-1"]
[WhiteElo "1451"]
[BlackElo "1599"]

1. Nf3 Nc6 2. e4 d5 3. Nc3 d4 4. Nb5 e5 5. d3 a6 6. Bg5 f6 7. Bh4 g5 8. Na3 gxh4
9. Nxh4 h5 10. Nf5 Bxa3 11. bxa3 Bxf5 12. exf5 b5 13. g3 Qd5 14. f3 Nge7 15. Bh3
h4 16. Bg2 Nxf5 17. O-O hxg3 18. hxg3 Ne3 19. Qd2 Nxf1 20. Rxf1 e4 21. fxe4 Qxa2
22. Rxf6 Qa1+ 23. Kf2 Ke7 24. Rxc6 Raf8+ 25. Bf3 Rh2# 0-1

[Event "AUTO-INT-3952"]
[Site "http://www.queenalice.com/game.php?id=1865827"]
[Date "2025.11.19"]
[Round "1"]
[White "JoseMessias"]
[Black "dosoldini"]
[Result "0-1"]
[WhiteElo "1637"]
[BlackElo "1606"]

1. g3 b6 2. Bg2 c6 3. b4 d5 4. b5 c5 5. c4 Bb7 6. Nh3 Nf6 7. Ng5 Qd7 8. d4 a6 9.
O-O axb5 10. Nc3 b4 11. dxc5 bxc3 12. cxb6 Bc6 13. a3 Ba4 14. Qd4 Nc6 15. Bxd5
Nxd4 16. Bxa8 Nxe2+ 17. Kg2 Qd3 18. b7 Nd7 19. c5 Bb5 20. a4 Bc6+ 21. Kh3 h6 22.
Nxf7 Qf5+ 23. g4 Qxf7 24. Rb1 Qf3+ 25. Kh4 g5+ 26. Kh5 Qh3+ 27. Kg6 Be4# 0-1

[Event "AUTO-INT-3952"]
[Site "http://www.queenalice.com/game.php?id=1865828"]
[Date "2025.11.19"]
[Round "1"]
[White "dosoldini"]
[Black "JoseMessias"]
[Result "1-0"]
[WhiteElo "1646"]
[BlackElo "1611"]

1. e4 e5 2. Nc3 Bc5 3. Nf3 d6 4. h3 b6 5. Bc4 Ne7 6. Ng5 Be6 7. Bxe6 fxe6 8. Qg4
h5 9. Qh4 Rf8 10. Qxh5+ Kd7 11. Qg4 Rf6 12. O-O Ng6 13. Nd5 Rf8 14. Qxe6+ Kc6
15. Qxg6 Rg8 16. Ne6 Qd7 17. Nexc7 Na6 18. Nxa6 Raf8 19. b4 Bd4 20. c3 Kb5 21.
Nac7+ Ka4 22. cxd4 exd4 23. Qg3 Qxc7 24. Nxc7 Kxb4 25. Qb3+ Kc5 26. Ne6+ Kc6 27.
Qc4+ Kd7 28. Nxf8+ Rxf8 29. Qxd4 Rf4 30. Qxg7+ Kc6 31. d3 a5 32. Bxf4 1-0